| 000 | 00987pam a2200325 a 4500 | ||
|---|---|---|---|
| 001 | 2736 | ||
| 003 | GBCCL | ||
| 005 | 20241126110350.0 | ||
| 008 | 810421s1981 caua b 00110 eng | ||
| 010 | _a 81006140 | ||
| 020 |
_a0878081844 : _c$5.95 |
||
| 035 | _aOCM07552129 821016 | ||
| 039 | 0 |
_a2 _b3 _c3 _d3 _e3 |
|
| 040 |
_aDLC _cDLC _dLBB |
||
| 043 | _aa-ch--- | ||
| 049 | _aLBBK | ||
| 050 | 0 |
_aBR1298 _b.S9 |
|
| 082 | 0 |
_a275.12498 _219 _bSWA |
|
| 092 |
_a275.1249 _bS972 |
||
| 100 | 1 | 0 |
_aSwanson, Allen J. _91636 |
| 245 | 1 | 4 |
_aThe church in Taiwan, profile 1980 : _ba review of the past, a projection for the future / _cAllen J. Swanson, assisted by Grace Lo. |
| 260 | 0 |
_aPasadena, Calif. : _bWilliam Carey Library, _cc1981. |
|
| 300 |
_axxv, 440 p. : _bill. ; _c21 cm. |
||
| 500 | _aIncludes index. | ||
| 504 | _aBibliography: p. 434-438. | ||
| 650 | 0 |
_aChristianity _zTaiwan. _91637 |
|
| 650 | 0 |
_aChurch growth _zTaiwan. _91638 |
|
| 700 | 1 | 0 |
_aLo, Grace. _91639 |
| 942 |
_2ddc _cBK |
||
| 999 |
_c988 _d988 |
||